[Event "Lichtenberger Sommer 2019"]
[Site "Berlin"]
[Date "2019.08.20"]
[Round "4.32"]
[White "Rausch, Erik"]
[Black "Püschel, Werner"]
[Result "0-1"]
[WhiteElo "1718"]
[BlackElo "2012"]
[PlyCount "62"]
[EventDate "2019.??.??"]
[WhiteTeam "SC Kreuzberg"]
[BlackTeam "SV Briesen"]

1. Nf3 Nf6 2. c4 g6 3. b3 d6 4. d4 c6 5. Bb2 Bg7 6. g3 O-O 7. Bg2 Qc7 8. Nc3
Nbd7 9. O-O b6 10. Qc2 Bb7 11. Rac1 a6 12. e4 Rad8 13. Rfe1 e5 14. d5 Bh6 15.
Rcd1 cxd5 16. exd5 b5 17. Qe2 bxc4 18. bxc4 Rc8 19. Bc1 Bxc1 20. Rxc1 Qxc4 21.
Qd2 Qb4 22. Bh3 Rc5 23. Bxd7 Nxd7 24. Re4 Rc4 25. a3 Qc5 26. Rxc4 Qxc4 27. h4
Kg7 28. Ng5 Nf6 29. Nce4 Nxe4 30. Rxc4 Nxd2 31. Rc7 Bxd5 0-1

[Event "Lichtenberger Sommer 2019"]
[Site "Berlin"]
[Date "2019.08.20"]
[Round "4.33"]
[White "Silz, Elisa"]
[Black "Beyer, Nils"]
[Result "1-0"]
[WhiteElo "2011"]
[BlackElo "1832"]
[PlyCount "139"]
[EventDate "2019.??.??"]
[WhiteTeam "SV Empor Berlin"]
[BlackTeam "TG Wehlheiden"]

1. d4 d5 2. c4 c6 3. Nf3 Nf6 4. e3 e6 5. Bd3 Nbd7 6. b3 c5 7. cxd5 Nxd5 8. O-O
cxd4 9. Nxd4 Nc5 10. Bc4 Be7 11. Bb2 O-O 12. Nc3 Bf6 13. Rc1 Nxc3 14. Bxc3 Ne4
15. Bb4 Be7 16. Bxe7 Qxe7 17. Qc2 Nf6 18. Rfd1 Bd7 19. Qe2 Rfd8 20. Qf3 e5 21.
Nf5 Bxf5 22. Qxf5 Rac8 23. h3 h6 24. a4 e4 25. Qa5 b6 26. Qa6 Rxd1+ 27. Rxd1
Rc5 28. b4 Rc7 29. Qb5 Rd7 30. Rxd7 Qxd7 31. Qxd7 Nxd7 32. Kf1 Kf8 33. Ke2 Ke7
34. Kd2 Kf6 35. Kc3 Ne5 36. Kd4 Nc6+ 37. Kc3 Ne5 38. Bb5 Ke6 39. Kd4 f5 40. Be2
Kd6 41. f3 Nc6+ 42. Kc3 exf3 43. gxf3 g5 44. Bd3 Ke5 45. Kc4 h5 46. Kb5 Nb8 47.
a5 bxa5 48. bxa5 g4 49. f4+ Ke6 50. h4 g3 51. Bf1 Kd6 52. Bg2 Nd7 53. Ka6 Nb8+
54. Kxa7 Nc6+ 55. Kb6 Nxa5 56. Kxa5 Kc5 57. Ka4 Kc4 58. e4 fxe4 59. Bxe4 Kd4
60. Bg2 Kc5 61. Kb3 Kd6 62. Kc4 Ke6 63. Kd4 Kf5 64. Ke3 Kg4 65. Ke4 Kxh4 66. f5
Kg4 67. f6 h4 68. f7 h3 69. Bf3+ Kh4 70. f8=Q 1-0

[Event "Lichtenberger Sommer 2019"]
[Site "Berlin"]
[Date "2019.08.20"]
[Round "4.34"]
[White "Reck, Jessica"]
[Black "Zühlke, Burkhard"]
[Result "1/2-1/2"]
[WhiteElo "1649"]
[BlackElo "2009"]
[PlyCount "92"]
[EventDate "2019.??.??"]
[WhiteTeam "SK König Tegel"]
[BlackTeam "SGem Fürth"]

1. e4 d6 2. d4 Nf6 3. Bd3 e5 4. c3 g6 5. Nf3 Nbd7 6. Nbd2 Bg7 7. O-O O-O 8. Re1
Qe7 9. h3 Re8 10. Nf1 c6 11. Ng3 b6 12. a4 a6 13. Bc2 Bb7 14. dxe5 dxe5 15. Be3
Rad8 16. Qe2 h6 17. Rad1 Kh7 18. Nd2 b5 19. axb5 cxb5 20. Nb3 Bf8 21. Rd2 Nb8
22. Red1 Rxd2 23. Rxd2 Qc7 24. Qd1 Nfd7 25. Ba7 Bc6 26. Be3 Nb6 27. Bxb6 Qxb6
28. Qf3 Qc7 29. Nf1 Qe7 30. Qd3 Kg7 31. Ne3 Qa7 32. Na5 Ba8 33. b4 Be7 34. Qe2
Rd8 35. Nd5 Bxd5 36. Rxd5 Rxd5 37. exd5 Qc7 38. Qd2 Nd7 39. Bb3 Nb6 40. Qd3 Bd6
41. g4 Qe7 42. Qe3 Nd7 43. Nc6 Qf6 44. c4 bxc4 45. Bxc4 e4 46. Qxe4 Kh7 1/2-1/2

[Event "Lichtenberger Sommer 2019"]
[Site "Berlin"]
[Date "2019.08.20"]
[Round "4.35"]
[White "Schäfer, Heiko"]
[Black "Hoyer, Olaf"]
[Result "1-0"]
[WhiteElo "2002"]
[BlackElo "1824"]
[PlyCount "97"]
[EventDate "2019.??.??"]
[WhiteTeam "Potsdamer SV"]
[BlackTeam "SC BS Gliesmarode"]

1. Nf3 Nf6 2. c4 e6 3. g3 b6 4. Bg2 Bb7 5. O-O Be7 6. Nc3 O-O 7. b3 c5 8. Bb2
d5 9. e3 Nc6 10. cxd5 exd5 11. d4 cxd4 12. Nxd4 Nxd4 13. Qxd4 Bc5 14. Qd3 Qd7
15. Rfd1 Rfd8 16. Ne2 Be7 17. Rac1 Rac8 18. Rxc8 Qxc8 19. Rc1 Qd7 20. Be5 Ng4
21. Rc7 Nxe5 22. Rxd7 Nxd3 23. Rxe7 Nc5 24. b4 Kf8 25. Rc7 Rd7 26. Rxb7 Nxb7
27. Nf4 a5 28. b5 Nd8 29. Nxd5 Rd6 30. e4 f6 31. f4 Nf7 32. Kf2 g5 33. Ke3 Ke8
34. Kd4 h5 35. e5 fxe5+ 36. fxe5 Rg6 37. Nf6+ Ke7 38. Be4 Rxf6 39. exf6+ Kxf6
40. Kd5 Ne5 41. Kd6 Nc4+ 42. Kc7 Ke5 43. Bd3 Nb2 44. Be2 g4 45. Kxb6 Kd4 46.
Kxa5 Ke3 47. b6 Kxe2 48. b7 Nc4+ 49. Ka6 1-0

[Event "Lichtenberger Sommer 2019"]
[Site "Berlin"]
[Date "2019.08.20"]
[Round "4.36"]
[White "Andresen, Marc"]
[Black "Nöldner, Julian"]
[Result "0-1"]
[WhiteElo "1554"]
[BlackElo "1975"]
[PlyCount "94"]
[EventDate "2019.??.??"]
[WhiteTeam "SC Falkensee"]
[BlackTeam "SV Empor Berlin"]

1. e4 e5 2. Nf3 Nc6 3. Bb5 Nf6 4. O-O Nxe4 5. Re1 Nd6 6. Nxe5 Be7 7. Bf1 Nxe5
8. Rxe5 O-O 9. Re1 Nf5 10. d4 d5 11. c3 c6 12. Nd2 Bg5 13. Nf3 Bxc1 14. Rxc1
Nd6 15. Bd3 Bf5 16. Ne5 Re8 17. Qc2 Qg5 18. Bxf5 Qxf5 19. Qxf5 Nxf5 20. Nd3 f6
21. Kf1 Nd6 22. Rc2 Rxe1+ 23. Kxe1 Kf7 24. Re2 Re8 25. Rxe8 Kxe8 26. Ke2 Ke7
27. f3 Nc4 28. b3 Na3 29. Nb2 Kd6 30. Kd3 Nb5 31. c4 dxc4+ 32. bxc4 Nc7 33. Nd1
b5 34. a3 a6 35. Ne3 g6 36. Nc2 Ne6 37. g3 a5 38. c5+ Kd7 39. h4 Nc7 40. Ne3
Ke6 41. a4 bxa4 42. Nc4 Nb5 43. Nxa5 a3 44. Nb3 Kd5 45. f4 a2 46. g4 Nxd4 47.
Na1 Kxc5 0-1

[Event "Lichtenberger Sommer 2019"]
[Site "Berlin"]
[Date "2019.08.20"]
[Round "4.37"]
[White "Schulz, Olaf"]
[Black "Bandsom, Olaf"]
[Result "1-0"]
[WhiteElo "1957"]
[BlackElo "1784"]
[PlyCount "114"]
[EventDate "2019.??.??"]
[BlackTeam "SC Friesen Lichtenberg"]

1. d4 d5 2. c4 e6 3. Nc3 Nf6 4. Bg5 Be7 5. e3 Nbd7 6. Nf3 O-O 7. Rc1 h6 8. Bh4
c6 9. a3 Ne8 10. Bg3 dxc4 11. Bxc4 Nd6 12. Bxd6 Bxd6 13. Ne4 Be7 14. O-O Nf6
15. Qc2 Bd6 16. Nxd6 Qxd6 17. e4 Qe7 18. Ba2 Nd7 19. e5 Rd8 20. Nd2 Nf8 21. Qc4
c5 22. Nb3 cxd4 23. Nxd4 Ng6 24. f4 Bd7 25. Qe2 Rac8 26. Qe4 a6 27. b4 a5 28.
Rxc8 Bxc8 29. Nb5 axb4 30. axb4 Rd2 31. Bb1 Qd7 32. Nd6 Rxd6 33. exd6 Qxd6 34.
Qc4 Bd7 35. Qc5 Qd2 36. Bxg6 fxg6 37. b5 Qe2 38. b6 Bc6 39. Qf2 Qe4 40. Re1 Qd5
41. h4 h5 42. Re2 Kh7 43. Qe3 Qd1+ 44. Re1 Qd5 45. Qf2 Qf5 46. Kh2 Qd5 47. Re5
Qb3 48. Rg5 Bd5 49. Qg3 Qb1 50. Qe3 Qc2 51. Qd4 Qa2 52. Rg3 Qa8 53. f5 Qb8 54.
fxg6+ Kh8 55. Qd1 Qe5 56. Qa4 Qb8 57. Qd7 Bc4 1-0

[Event "Lichtenberger Sommer 2019"]
[Site "Berlin"]
[Date "2019.08.20"]
[Round "4.38"]
[White "Bornschein, Burkhard"]
[Black "Seitz, Manuel"]
[Result "1-0"]
[WhiteElo "2016"]
[BlackElo "1764"]
[PlyCount "69"]
[EventDate "2019.??.??"]
[WhiteTeam "BSC Rehberge"]
[BlackTeam "SC Falkensee"]

1. d4 Nf6 2. Nf3 g6 3. c4 Bg7 4. Nc3 d6 5. e4 O-O 6. Be2 e5 7. O-O Na6 8. d5
Nh5 9. Re1 f5 10. exf5 gxf5 11. Ng5 Nf6 12. f4 h6 13. Nh3 Kh8 14. Nf2 Rg8 15.
Kh1 Qe8 16. g4 fxg4 17. Nxg4 Nxg4 18. Bxg4 Bxg4 19. Qxg4 Qf7 20. Bd2 Nc5 21.
Qh3 Qd7 22. f5 Kh7 23. b4 Na6 24. Ne4 Raf8 25. Ng5+ Kh8 26. Ne6 Rf6 27. Bg5 Rf7
28. f6 Bf8 29. Rg1 Rh7 30. Bd2 c6 31. Rxg8+ Kxg8 32. Qg2+ Kf7 33. Rg1 Ke8 34.
Nxf8 Kxf8 35. Qg8# 1-0

[Event "Lichtenberger Sommer 2019"]
[Site "Berlin"]
[Date "2019.08.20"]
[Round "4.39"]
[White "Bade, Heidrun"]
[Black "Badestein, Hartmut"]
[Result "1/2-1/2"]
[WhiteElo "1783"]
[BlackElo "2042"]
[PlyCount "59"]
[EventDate "2019.??.??"]
[WhiteTeam "USV Potsdam"]
[BlackTeam "SC Friesen Lichtenberg"]

1. e4 c5 2. Nf3 Nc6 3. d4 cxd4 4. Nxd4 Nf6 5. Nc3 e6 6. Be3 Bb4 7. Bd3 d5 8.
O-O Bxc3 9. bxc3 dxe4 10. Bb5 Bd7 11. Nxc6 bxc6 12. Ba4 O-O 13. Bd4 Nd5 14. c4
Nb6 15. Bb3 Qe7 16. Qg4 f5 17. Qf4 c5 18. Bb2 Rfe8 19. Qe5 Bc6 20. Rad1 Qf6 21.
Qxc5 Qxb2 22. Qxc6 Qe5 23. Qd6 Qxd6 24. Rxd6 Rac8 25. c5 Rxc5 26. Rxe6 Rxe6 27.
Bxe6+ Kf8 28. Bb3 Ke7 29. Rd1 h6 30. Kf1 1/2-1/2

[Event "Lichtenberger Sommer 2019"]
[Site "Berlin"]
[Date "2019.08.20"]
[Round "4.40"]
[White "Keusch, Horst"]
[Black "Korell, Klaus-Peter"]
[Result "1/2-1/2"]
[WhiteElo "2001"]
[BlackElo "1816"]
[PlyCount "94"]
[EventDate "2019.??.??"]
[WhiteTeam "SC Friesen Lichtenberg"]
[BlackTeam "SG TT/Wiheil"]

1. f4 d5 2. Nf3 Nf6 3. g3 Bf5 4. Bg2 Qc8 5. O-O Bh3 6. d3 Bxg2 7. Kxg2 c5 8. c3
Nc6 9. Qc2 e6 10. e4 Be7 11. e5 Ng4 12. h3 Nh6 13. Qf2 Qd7 14. Be3 b6 15. Na3
Nf5 16. Nc2 Nxe3+ 17. Qxe3 O-O 18. d4 cxd4 19. Ncxd4 Bc5 20. Rad1 Bxd4 21. cxd4
Rac8 22. Rd2 Ne7 23. g4 Rc4 24. Qd3 g6 25. h4 Rfc8 26. Kh2 Qc7 27. Rff2 Rc1 28.
Rg2 Qc4 29. Qa3 Rc7 30. Qe3 Kg7 31. a3 Qa4 32. f5 exf5 33. Qg5 fxg4 34. Qf6+
Kg8 35. Ng5 Nf5 36. Qd8+ Kg7 37. Rxg4 Qd7 38. Qf6+ Kg8 39. Nf3 Ng7 40. Rgg2 Qe7
41. Qf4 Ne6 42. Qg4 Qf8 43. Ng5 Nxg5 44. hxg5 Qc8 45. Qf4 R1c2 46. Kg3 Rxd2 47.
Rxd2 Rc1 1/2-1/2

[Event "Lichtenberger Sommer 2019"]
[Site "Berlin"]
[Date "2019.08.20"]
[Round "4.41"]
[White "Becker, Werner"]
[Black "Guenther, Thomas"]
[Result "0-1"]
[WhiteElo "1758"]
[BlackElo "1985"]
[PlyCount "96"]
[EventDate "2019.??.??"]
[WhiteTeam "SC Rochade (Berlin)"]

1. d4 Nf6 2. c4 e6 3. Nf3 c5 4. e3 d5 5. cxd5 exd5 6. Bb5+ Nbd7 7. O-O a6 8.
Bxd7+ Bxd7 9. dxc5 Bxc5 10. Nc3 Be6 11. a3 Rc8 12. Bd2 O-O 13. b4 Ba7 14. Rc1
Qd6 15. Ne2 Ne4 16. Bc3 f6 17. Bd4 Bb8 18. Ng3 Rxc1 19. Qxc1 Rc8 20. Qb2 Qc7
21. Ne2 Ng5 22. Ng3 Ne4 23. Ne2 Qd6 24. Rc1 Rc4 25. Ng3 Qc6 26. Ne2 Qc7 27. h3
h6 28. Kf1 Ng5 29. Rxc4 dxc4 30. Nf4 Bf7 31. Nd2 Ne6 32. Nxe6 Bxe6 33. f4 Bf5
34. Kf2 Bd3 35. Qc3 Qc6 36. Nf3 b5 37. Bc5 Qd5 38. Nd4 Be4 39. Nf3 Qd1 40. Bd4
Kf7 41. Qd2 Bxf3 42. Qxd1 Bxd1 43. g3 f5 44. Ke1 Bf3 45. Kf2 Be4 46. Ke2 Bc7
47. Kd2 Bg2 48. h4 Bf3 0-1

[Event "Lichtenberger Sommer 2019"]
[Site "Berlin"]
[Date "2019.08.20"]
[Round "4.42"]
[White "Rogozenco, Teodora"]
[Black "Hoffbauer, Jörg"]
[Result "1-0"]
[WhiteElo "1974"]
[BlackElo "1773"]
[PlyCount "55"]
[EventDate "2019.??.??"]
[WhiteTeam "Hamburger SK"]
[BlackTeam "SF 1903 Berlin"]

1. d4 e6 2. Nf3 f5 3. Bf4 Nf6 4. h3 b6 5. e3 Bb7 6. Nbd2 Be7 7. Bd3 Ne4 8. c3
c5 9. Rg1 Bh4 10. g3 Bf6 11. g4 Bh4 12. Nxh4 Qxh4 13. Qf3 Nd6 14. Qe2 Ne4 15.
gxf5 exf5 16. Rxg7 Qxh3 17. O-O-O Nxd2 18. Qxd2 Bf3 19. Rdg1 Bd5 20. Bf1 Qh4
21. dxc5 Be6 22. Bg5 Qh2 23. Re7+ Kf8 24. Rxe6 Qxg1 25. Qd6+ Kg8 26. Re8+ Kf7
27. Qf6+ Kxe8 28. Qe7# 1-0

[Event "Lichtenberger Sommer 2019"]
[Site "Berlin"]
[Date "2019.08.20"]
[Round "4.43"]
[White "Francois, Yannick"]
[Black "Groot, Patrick"]
[Result "1/2-1/2"]
[WhiteElo "1745"]
[BlackElo "1971"]
[PlyCount "51"]
[EventDate "2019.??.??"]
[WhiteTeam "SC Falkensee"]
[BlackTeam "SF 1903 Berlin"]

1. e4 c5 2. Nc3 Nc6 3. f4 d6 4. Nf3 g6 5. g3 Bg7 6. Bg2 Nf6 7. d3 O-O 8. O-O
Rb8 9. h3 b5 10. g4 b4 11. Ne2 Bb7 12. Ng3 Nd7 13. h4 Nd4 14. h5 Nxf3+ 15. Bxf3
Re8 16. g5 e6 17. Qe1 a5 18. Rb1 a4 19. b3 a3 20. Bd2 Ba6 21. Kg2 Qe7 22. Qf2
Nf8 23. Rbe1 Bd4 24. Be3 Bc3 25. Bd2 Bd4 26. Be3 1/2-1/2

[Event "Lichtenberger Sommer 2019"]
[Site "Berlin"]
[Date "2019.08.20"]
[Round "4.44"]
[White "Dittrich, Tom"]
[Black "Schindler, Rudolf"]
[Result "1-0"]
[WhiteElo "1923"]
[BlackElo "1780"]
[PlyCount "63"]
[EventDate "2019.??.??"]
[WhiteTeam "SG Stadtilm"]
[BlackTeam "Lasker Steglitz-Wilmersdorf"]

1. e4 d6 2. d4 Nf6 3. Nc3 c6 4. a4 e5 5. Nf3 Nbd7 6. Bc4 Be7 7. O-O O-O 8. h3
a5 9. Re1 Qc7 10. Be3 Nb6 11. Ba2 exd4 12. Nxd4 Nfd7 13. Nf5 Nc5 14. Nxe7+ Qxe7
15. Bf4 Rd8 16. Qd4 Be6 17. Nd5 Bxd5 18. exd5 Qd7 19. dxc6 bxc6 20. Rad1 Nc8
21. Qxc5 Re8 22. Rxe8+ Qxe8 23. Qe3 Qf8 24. Re1 d5 25. Qe8 Nb6 26. Qxf8+ Rxf8
27. Bd6 Rc8 28. Bb3 h6 29. Re7 Ra8 30. Rb7 Ra6 31. Bc5 Na8 32. Ra7 1-0

[Event "Lichtenberger Sommer 2019"]
[Site "Berlin"]
[Date "2019.08.20"]
[Round "4.45"]
[White "Bender, Sebastian"]
[Black "Glienke, Michael"]
[Result "0-1"]
[WhiteElo "1911"]
[BlackElo "1754"]
[PlyCount "132"]
[EventDate "2019.??.??"]
[WhiteTeam "SC Zugzwang 95 (Berlin)"]
[BlackTeam "SC Kreuzberg"]

1. e4 c5 2. c3 Nc6 3. d4 cxd4 4. cxd4 d5 5. exd5 Qxd5 6. Nf3 Bd7 7. Nc3 Qh5 8.
Be2 Qg6 9. Bd3 Qxg2 10. Rg1 Qh3 11. Nd5 Qe6+ 12. Ne3 Qd6 13. Nc4 Qc7 14. Bd2
Nf6 15. Rc1 Rc8 16. Nce5 Qd6 17. Nxd7 Nxd7 18. Rg5 e6 19. Rb5 Rb8 20. d5 Nce5
21. Nxe5 Qxe5+ 22. Be2 Bd6 23. dxe6 Qxe6 24. Be3 b6 25. Bg4 Qe7 26. Bxd7+ Qxd7
27. Rd5 Bb4+ 28. Kf1 Qh3+ 29. Kg1 O-O 30. Rc7 Bc5 31. Bf4 Ra8 32. Bg3 Qe6 33.
a3 a5 34. Rdd7 Rae8 35. Qf3 Rd8 36. Rxd8 Rxd8 37. Kg2 h6 38. h4 Qd5 39. Qxd5
Rxd5 40. Rc8+ Kh7 41. Rc7 f6 42. Bf4 Rd1 43. b4 axb4 44. axb4 Bxb4 45. Rb7 Bc5
46. Bc7 Rd2 47. Bxb6 Rxf2+ 48. Kg3 Rb2 49. Rxg7+ Kxg7 50. Bxc5 Rb5 51. Bd4 Kg6
52. Bf2 h5 53. Kf3 Kf5 54. Bd4 Rb3+ 55. Kg2 Rd3 56. Bc5 Kg4 57. Be7 f5 58. Bg5
Rb3 59. Bf6 f4 60. Kf2 Ra3 61. Kg2 Ra2+ 62. Kf1 Rc2 63. Kg1 Kf3 64. Bg5 Kg3 65.
Kf1 f3 66. Kg1 Rb2 0-1

[Event "Lichtenberger Sommer 2019"]
[Site "Berlin"]
[Date "2019.08.20"]
[Round "4.46"]
[White "Jaeger, Andre"]
[Black "Jugert, Ole"]
[Result "1/2-1/2"]
[WhiteElo "1897"]
[BlackElo "1739"]
[PlyCount "101"]
[EventDate "2019.??.??"]
[WhiteTeam "SC Rochade (Berlin)"]
[BlackTeam "SK Zehlendorf"]

1. d4 Nf6 2. c4 e6 3. Nc3 Bb4 4. f3 c5 5. a3 Bxc3+ 6. bxc3 O-O 7. e4 d5 8. cxd5
exd5 9. e5 Nh5 10. Ne2 Nc6 11. Be3 cxd4 12. cxd4 Na5 13. Nc3 g6 14. Be2 Be6 15.
g4 Ng7 16. O-O b6 17. Nb5 a6 18. Nd6 Ne8 19. Nxe8 Rxe8 20. f4 f5 21. g5 b5 22.
Bd2 Nc4 23. Rf3 Qb6 24. Bb4 Nb2 25. Qd2 Nc4 26. Qc3 Rac8 27. Qd3 Nb2 28. Qe3
Nc4 29. Qf2 Rc6 30. Bc5 Qc7 31. Bd3 Rc8 32. h4 Na5 33. Rb1 Nb7 34. Bb4 Rc1+ 35.
Rxc1 Qxc1+ 36. Qe1 Qxe1+ 37. Bxe1 Rc1 38. Kf2 Ra1 39. Be2 Rc1 40. Rc3 Rxc3 41.
Bxc3 Kf8 42. Ke3 Ke7 43. h5 Bd7 44. hxg6 hxg6 45. a4 Nd8 46. Kd2 Ne6 47. axb5
Bxb5 48. Bxb5 axb5 49. Ke3 Kd7 50. Bd2 Kc6 51. Bb4 1/2-1/2

[Event "Lichtenberger Sommer 2019"]
[Site "Berlin"]
[Date "2019.08.20"]
[Round "4.47"]
[White "Hesselbarth, Karlheinz"]
[Black "Kraft, Tom"]
[Result "1/2-1/2"]
[WhiteElo "1692"]
[BlackElo "1893"]
[PlyCount "81"]
[EventDate "2019.??.??"]
[WhiteTeam "SC Zugzwang 95 (Berlin)"]
[BlackTeam "SC Zugzwang 95 (Berlin)"]

1. d4 Nf6 2. c4 e5 3. dxe5 Ng4 4. Nf3 Bc5 5. e3 Nc6 6. Be2 Bb4+ 7. Bd2 Bxd2+ 8.
Nbxd2 Ngxe5 9. O-O d6 10. Rc1 O-O 11. Nd4 f5 12. N2f3 Nxf3+ 13. Bxf3 Nxd4 14.
Qxd4 Qf6 15. Rfd1 Qxd4 16. Rxd4 Rb8 17. c5 dxc5 18. Rxc5 c6 19. Re5 Kf7 20. Bd1
Kf6 21. f4 g6 22. Bb3 Kg7 23. Kf2 a6 24. h3 Kh6 25. Kg3 b6 26. Kh4 Rb7 27. g4
Rc7 28. Rd6 Kg7 29. Be6 fxg4 30. Bxc8 Rfxc8 31. hxg4 Kf7 32. g5 Re7 33. Rf6+
Ke8 34. Kg4 Rxe5 35. fxe5 a5 36. Kf4 Ke7 37. Ke4 Rc7 38. Rf2 Rd7 39. Rh2 Ke6
40. Rf2 Ke7 41. Rh2 1/2-1/2

[Event "Lichtenberger Sommer 2019"]
[Site "Berlin"]
[Date "2019.08.20"]
[Round "4.48"]
[White "Alten, Silvio"]
[Black "Bunkens, Rudi"]
[Result "1-0"]
[WhiteElo "1883"]
[BlackElo "1724"]
[PlyCount "85"]
[EventDate "2019.??.??"]
[WhiteTeam "SV Mattnetz Berlin"]
[BlackTeam "Koninklijke Gentse SK"]

1. e4 c5 2. Nf3 d6 3. d4 cxd4 4. Nxd4 Nf6 5. Nc3 a6 6. Be3 e5 7. Nb3 Be6 8. Qf3
Ng4 9. Bd2 Qf6 10. Qg3 h5 11. h4 Nc6 12. f3 Nh6 13. O-O-O Qe7 14. Nd5 Bxd5 15.
exd5 Nf5 16. Qh3 Ncd4 17. Nxd4 Nxd4 18. Ba5 Qd7 19. Qxd7+ Kxd7 20. Bb6 Nf5 21.
Bd3 Ne7 22. c4 g6 23. Kb1 Nc8 24. Bf2 Be7 25. b4 Bd8 26. c5 Be7 27. Rc1 Na7 28.
a4 Rhc8 29. c6+ bxc6 30. Bxa6 Rc7 31. Bb6 Nc8 32. dxc6+ Rxc6 33. Bb5 Nxb6 34.
Rxc6 d5 35. Rxb6+ Kc7 36. Rc6+ Kb7 37. Rhc1 Bxb4 38. Rc7+ Kb6 39. Rxf7 d4 40.
Rf6+ Ka5 41. Rxg6 Bc3 42. Kc2 Ra7 43. Rb1 1-0

[Event "Lichtenberger Sommer 2019"]
[Site "Berlin"]
[Date "2019.08.20"]
[Round "4.49"]
[White "Muskewitz, Bernd"]
[Black "Dittrich, Hans-Georg"]
[Result "1-0"]
[WhiteElo "1879"]
[BlackElo "1722"]
[PlyCount "91"]
[EventDate "2019.??.??"]
[WhiteTeam "SF Nordost Berlin"]

1. e4 e5 2. Nf3 Nc6 3. Bb5 a6 4. Ba4 Nf6 5. O-O Be7 6. Re1 b5 7. Bb3 d5 8. exd5
Nxd5 9. Nxe5 Nxe5 10. Rxe5 c6 11. Bxd5 cxd5 12. Nc3 Bb7 13. d4 O-O 14. Qd3 Bd6
15. Rh5 g6 16. Rh3 Re8 17. Re3 b4 18. Rxe8+ Qxe8 19. Ne2 a5 20. Be3 Ba6 21. Qd2
Qb5 22. Nf4 Rc8 23. Nd3 Re8 24. Bf4 Bf8 25. Be5 Bg7 26. Bxg7 Kxg7 27. Re1 Re4
28. Nc5 Rxe1+ 29. Qxe1 Kf8 30. h3 h5 31. Qe5 Qf1+ 32. Kh2 Bb5 33. Qf6 Qe2 34.
a3 Kg8 35. Qd8+ Kh7 36. Qf6 Kg8 37. axb4 axb4 38. Qf4 Kf8 39. Qb8+ Kg7 40. Qe5+
Qxe5+ 41. dxe5 Kf8 42. h4 Ke7 43. Kg3 f6 44. Kf4 Be2 45. Nb3 Ke6 46. Nd4+ 1-0

[Event "Lichtenberger Sommer 2019"]
[Site "Berlin"]
[Date "2019.08.20"]
[Round "4.51"]
[White "Stein, Siegfried"]
[Black "Morczynski, Joachim"]
[Result "1/2-1/2"]
[WhiteElo "1852"]
[BlackElo "1701"]
[PlyCount "47"]
[EventDate "2019.??.??"]
[WhiteTeam "SV Berolina Mitte"]
[BlackTeam "SK Zehlendorf"]

1. e4 c5 2. d4 cxd4 3. c3 Nf6 4. e5 Nd5 5. Bc4 Nb6 6. Bb3 Nc6 7. cxd4 d5 8. Nc3
Bf5 9. Nge2 e6 10. Ng3 Bg6 11. Be3 Be7 12. O-O O-O 13. f4 f6 14. f5 exf5 15.
Nxf5 fxe5 16. Nxe7+ Qxe7 17. Rxf8+ Rxf8 18. dxe5 Bf7 19. Nxd5 Nxd5 20. Bxd5
Qxe5 21. Bxf7+ Rxf7 22. Qb3 Na5 23. Qc3 Qxc3 24. bxc3 1/2-1/2

[Event "Lichtenberger Sommer 2019"]
[Site "Berlin"]
[Date "2019.08.20"]
[Round "4.52"]
[White "Khojoyan, Martin"]
[Black "Moeller, Jared William"]
[Result "1-0"]
[WhiteElo "1850"]
[BlackElo "1693"]
[PlyCount "29"]
[EventDate "2019.??.??"]
[WhiteTeam "SV Motor Wildau"]
[BlackTeam "SV Glückauf Rüdersdorf"]

1. d4 Nf6 2. Nf3 e6 3. Bg5 d5 4. e3 h6 5. Bh4 c5 6. Be2 Nc6 7. O-O g5 8. Bg3
Ne4 9. Ne5 Nxg3 10. fxg3 Nxe5 11. dxe5 Bg7 12. Bh5 O-O 13. Qf3 Bxe5 14. Bxf7+
Kg7 15. Qh5 1-0

[Event "Lichtenberger Sommer 2019"]
[Site "Berlin"]
[Date "2019.08.20"]
[Round "4.53"]
[White "Kopischke, Maik"]
[Black "Bellomo, Riccardo"]
[Result "1-0"]
[WhiteElo "1826"]
[BlackElo "1677"]
[PlyCount "75"]
[EventDate "2019.??.??"]
[WhiteTeam "SC Zugzwang 95 (Berlin)"]
[BlackTeam "SC Zugzwang 95 (Berlin)"]

1. d4 g6 2. Nf3 Bg7 3. Nc3 Nf6 4. e4 d6 5. h3 O-O 6. Be3 a6 7. a4 Nbd7 8. Bc4
c5 9. e5 dxe5 10. dxe5 Ne8 11. e6 fxe6 12. Bxe6+ Kh8 13. Bxc5 Qc7 14. Bd4 Nef6
15. O-O Qa5 16. Bxd7 Nxd7 17. Bxg7+ Kxg7 18. Re1 e5 19. Qd5 Qb6 20. b3 Rf5 21.
Ne4 Qa7 22. Qd6 b5 23. Qe7+ Rf7 24. Qh4 Rf4 25. Qd8 Rf8 26. Qa5 Nc5 27. axb5
Nxe4 28. Rxe4 Bxh3 29. b6 Qf7 30. Qxe5+ Kg8 31. Qg3 Qb7 32. Rae1 Bf5 33. Re7
Qxb6 34. Qh4 h5 35. Qc4+ Kh8 36. Ng5 Qxf2+ 37. Kxf2 Be6+ 38. Nf7+ 1-0

[Event "Lichtenberger Sommer 2019"]
[Site "Berlin"]
[Date "2019.08.20"]
[Round "4.54"]
[White "Ziems, Michael"]
[Black "Schiller, Stephan"]
[Result "1-0"]
[WhiteElo "1820"]
[BlackElo "1571"]
[PlyCount "93"]
[EventDate "2019.??.??"]
[WhiteTeam "SV Empor Berlin"]
[BlackTeam "SV Motor Wildau"]

1. d4 d6 2. c4 Nf6 3. Nf3 g6 4. Nc3 Bg7 5. Bf4 O-O 6. Qd2 c5 7. d5 e6 8. dxe6
Bxe6 9. Bxd6 Re8 10. e3 Qb6 11. Na4 Qc6 12. Nxc5 Rd8 13. Nxe6 Rxd6 14. Ned4 Qe8
15. c5 Rd8 16. Qb4 Nc6 17. Nxc6 bxc6 18. Bc4 Rab8 19. Qa3 Ne4 20. Bb3 a5 21.
Rb1 Bf8 22. O-O Rb5 23. Bc2 Nxc5 24. Qc3 Bg7 25. Nd4 Nb7 26. Qxc6 Qxc6 27. Nxc6
Rd2 28. Bb3 Rc5 29. Rbc1 Rxb2 30. Bd5 Kf8 31. e4 a4 32. Nb8 Rxc1 33. Rxc1 Nd6
34. Nd7+ Ke7 35. Nc5 Bd4 36. Nxa4 Bxf2+ 37. Kh1 Rxa2 38. Bxa2 Nxe4 39. Rc7+ Kd6
40. Rc8 Bd4 41. g3 h6 42. Rf8 Kc6 43. Bb1 Ng5 44. Rg8 Ne6 45. Rc8+ Nc7 46. Rg8
g5 47. Bd3 1-0

[Event "Lichtenberger Sommer 2019"]
[Site "Berlin"]
[Date "2019.08.20"]
[Round "4.55"]
[White "Kohlmeyer, Dagobert"]
[Black "Möller, Dustin"]
[Result "0-1"]
[WhiteElo "1776"]
[BlackElo "2178"]
[PlyCount "110"]
[EventDate "2019.??.??"]
[WhiteTeam "SG Weißensee 49"]
[BlackTeam "Eckernförder SC"]

1. e4 c6 2. d4 d5 3. Nc3 dxe4 4. Nxe4 Nf6 5. Nxf6+ exf6 6. c3 Bd6 7. Bd3 O-O 8.
Ne2 Re8 9. O-O Nd7 10. Bf4 Nf8 11. Bxd6 Qxd6 12. Qc2 f5 13. Qd2 Ng6 14. Ng3 f4
15. Nh5 f3 16. Rfe1 Bg4 17. Bxg6 Qxg6 18. Ng3 fxg2 19. Kxg2 h5 20. f3 Be6 21.
Kf2 Bd5 22. Rxe8+ Rxe8 23. Re1 Rxe1 24. Qxe1 h4 25. Ne4 Qf5 26. Qe3 Bxa2 27.
Nd6 Qd7 28. Qe8+ Qxe8 29. Nxe8 Be6 30. Nd6 b6 31. Ke3 Kf8 32. Kf4 Ke7 33. Ne4
f6 34. Ke3 g5 35. f4 g4 36. Nd2 Bf5 37. Nf1 Kd6 38. Nd2 b5 39. b4 Kd5 40. Kf2
Be4 41. Kf1 Bd3+ 42. Kf2 Ke6 43. Ke3 Bc2 44. Nf1 Kf5 45. Nd2 a6 46. Nf1 Be4 47.
Nd2 Bd5 48. Nf1 Bg2 49. Nd2 h3 50. Kf2 Kxf4 51. c4 bxc4 52. Nxc4 Ke4 53. Ne3
Bf3 54. Nc2 f5 55. Ne3 f4 0-1

[Event "Lichtenberger Sommer 2019"]
[Site "Berlin"]
[Date "2019.08.20"]
[Round "4.56"]
[White "Hahlbohm, Matthias"]
[Black "Manz, Andreas"]
[Result "1/2-1/2"]
[WhiteElo "2041"]
[BlackElo "1775"]
[PlyCount "43"]
[EventDate "2019.??.??"]
[WhiteTeam "TSG Oberschöneweide"]
[BlackTeam "BSV 63 Chemie Weißensee"]

1. e4 e5 2. Nf3 Nf6 3. Qe2 Nc6 4. d3 Be7 5. c4 O-O 6. h3 Bb4+ 7. Nc3 d6 8. Bd2
a5 9. g3 Nd4 10. Nxd4 exd4 11. Nd1 Bxd2+ 12. Qxd2 Re8 13. Bg2 d5 14. cxd5 Qxd5
15. Qe2 Qg5 16. O-O Ra6 17. b3 Nh5 18. Kh2 Rh6 19. Rh1 Rg6 20. Qf3 Rf6 21. Qe2
Rg6 22. Qf3 1/2-1/2

[Event "Lichtenberger Sommer 2019"]
[Site "Berlin"]
[Date "2019.08.20"]
[Round "4.57"]
[White "Schabe, Felix"]
[Black "Müller, Johannes"]
[Result "1-0"]
[WhiteElo "1984"]
[BlackElo "1760"]
[PlyCount "47"]
[EventDate "2019.??.??"]
[WhiteTeam "SV Empor Berlin"]
[BlackTeam "SC Eintracht Berlin"]

1. g3 d5 2. Bg2 e5 3. c4 Nf6 4. cxd5 Nxd5 5. Nc3 Nxc3 6. bxc3 Bd6 7. Rb1 c6 8.
Nf3 O-O 9. O-O Qe7 10. Qb3 Na6 11. e4 Rb8 12. d4 exd4 13. e5 Bc7 14. Ba3 c5 15.
cxd4 Kh8 16. Qc3 Re8 17. dxc5 Bxe5 18. Nxe5 Qxe5 19. Rfe1 Qxe1+ 20. Rxe1 Rxe1+
21. Qxe1 Be6 22. Qe5 Rd8 23. Bb2 Rd1+ 24. Bf1 1-0